[Event "61. BEM 2007"]
[Site "Dortmund"]
[Date "2007.03.01"]
[Round "3.32"]
[White "Pachura, Karl-Heinz"]
[Black "Rabe, Mark"]
[Result "1-0"]
[WhiteElo "1332"]
[BlackElo "1004"]
[PlyCount "57"]
[EventDate "2007.??.??"]
[Source "SG Dortmund"]
[SourceDate "2004.12.16"]

1. e4 e5 2. Nf3 Nf6 3. Bc4 d5 4. exd5 Nxd5 5. O-O Bc5 6. Re1 O-O 7. Rxe5 Be6 8.
d4 Bd6 9. Rxd5 Bxd5 10. Bxd5 c6 11. Bb3 Nd7 12. c4 c5 13. Nc3 b6 14. Qd3 Nf6
15. Bg5 g6 16. Nd5 Be7 17. Nxe7+ Qxe7 18. Re1 Qd6 19. Bxf6 Rae8 20. Be5 Qe6 21.
d5 Rd8 22. Qc3 Qf5 23. Bh8 f6 24. Bc2 Qf4 25. g3 Qd6 26. Re6 Qxe6 27. dxe6 Kxh8
28. Ba4 a6 29. e7 1-0

[Event "61. BEM 2007"]
[Site "Dortmund"]
[Date "2007.03.01"]
[Round "3.34"]
[White "Krüger, Inge"]
[Black "Eickmann, Martin"]
[Result "1-0"]
[WhiteElo "1253"]
[BlackElo "778"]
[PlyCount "67"]
[EventDate "2007.??.??"]
[Source "SG Dortmund"]
[SourceDate "2004.12.16"]

1. d4 d5 2. c4 Nf6 3. Nc3 e6 4. Bg5 Be7 5. Nf3 O-O 6. e3 Nc6 7. cxd5 exd5 8.
Be2 h6 9. Bh4 Bf5 10. O-O Ne4 11. Bxe7 Nxe7 12. Rc1 Rc8 13. Qb3 c6 14. Rfd1 b6
15. h3 c5 16. dxc5 Nxc5 17. Qb4 Re8 18. Ne5 Nc6 19. Nxc6 Rxc6 20. Rxd5 Qg5 21.
Bg4 Be6 22. Rxg5 Nd3 23. Rxg7+ Kxg7 24. Qd4+ Kf8 25. Qxd3 Bc4 26. Qh7 a5 27.
Bd7 Rc7 28. Bxe8 Kxe8 29. Qe4+ Kf8 30. Rd1 b5 31. Rd8+ Kg7 32. Qe5+ Kg6 33.
Rg8+ Kh7 34. Qg7# 1-0

[Event "61. BEM 2007"]
[Site "Dortmund"]
[Date "2007.03.05"]
[Round "4.1"]
[White "Fiebig, Thomas"]
[Black "Woestmann, Ulrich"]
[Result "1-0"]
[WhiteElo "2331"]
[BlackElo "1927"]
[PlyCount "93"]
[EventDate "2007.??.??"]
[Source "SG Dortmund"]
[SourceDate "2004.12.16"]

1. e4 c5 2. c3 d5 3. exd5 Qxd5 4. d4 Nf6 5. Nf3 Bg4 6. Nbd2 Bxf3 7. Nxf3 Nc6 8.
Be2 cxd4 9. cxd4 e6 10. O-O Be7 11. Be3 O-O 12. Qa4 a6 13. Rfd1 b5 14. Qb3 Qxb3
15. axb3 Nd5 16. Rdc1 Ncb4 17. Bd2 Rfc8 18. Ne1 Bf6 19. Bf3 Nc6 20. Nc2 Nxd4
21. Nxd4 Bxd4 22. Rxc8+ Rxc8 23. Rxa6 Bxb2 24. Bxd5 exd5 25. Rb6 h6 26. Rxb5
Rc2 27. Rxd5 Bc3 28. Be3 Rb2 29. g4 Rxb3 30. Kg2 Bf6 31. Rf5 Ra3 32. Bxh6 gxh6
33. Rxf6 Kg7 34. Rf5 f6 35. f3 Kg6 36. Rb5 Ra7 37. Kg3 Rc7 38. h3 Ra7 39. f4
Rc7 40. Kh4 Ra7 41. Rb6 Rc7 42. f5+ Kg7 43. Kh5 Rf7 44. h4 Kh7 45. g5 fxg5 46.
Rxh6+ Kg7 47. Rg6+ 1-0

[Event "61. BEM 2007"]
[Site "Dortmund"]
[Date "2007.03.05"]
[Round "4.2"]
[White "Zeldin, Vitali"]
[Black "Kartsev, Soel"]
[Result "0-1"]
[WhiteElo "1927"]
[BlackElo "2180"]
[PlyCount "42"]
[EventDate "2007.??.??"]
[Source "SG Dortmund"]
[SourceDate "2004.12.16"]

1. e4 d5 2. exd5 Nf6 3. d4 Nxd5 4. c4 Nb6 5. Nc3 e5 6. dxe5 Qxd1+ 7. Nxd1 Nc6
8. Bf4 Be6 9. Nf3 Nxc4 10. Be2 Bb4+ 11. Kf1 O-O-O 12. a3 Nd2+ 13. Bxd2 Bxd2 14.
Bb5 Nd4 15. Nxd2 Nc2 16. Rc1 Rxd2 17. Nc3 Rhd8 18. Ba4 Bc4+ 19. Kg1 Nd4 20. b4
b5 21. Rd1 Ne2+ 0-1

[Event "61. BEM 2007"]
[Site "Dortmund"]
[Date "2007.03.05"]
[Round "4.3"]
[White "Schütte, Tobias"]
[Black "Ziperstein, Jakob"]
[Result "1/2-1/2"]
[WhiteElo "1886"]
[BlackElo "1858"]
[PlyCount "83"]
[EventDate "2007.??.??"]
[Source "SG Dortmund"]
[SourceDate "2004.12.16"]

1. d4 Nf6 2. f4 g6 3. Nf3 Bg7 4. c3 O-O 5. e3 d6 6. Bd3 c5 7. O-O b6 8. Qe1 Ba6
9. Bxa6 Nxa6 10. Nbd2 Qd7 11. h3 Nc7 12. Qh4 h5 13. Ng5 Nh7 14. Nde4 f5 15.
Nxh7 Kxh7 16. Ng5+ Kg8 17. Qg3 Bf6 18. b3 Kg7 19. Bb2 Rae8 20. Rad1 Bxg5 21.
Qxg5 Nd5 22. Rf3 cxd4 23. exd4 Kh7 24. c4 Nf6 25. Re1 Ne4 26. Qh4 e6 27. g4 Qd8
28. Qxd8 Rxd8 29. gxf5 gxf5 30. Kh2 d5 31. Rg1 Rg8 32. Rff1 Nd2 33. Rf2 Rxg1
34. Kxg1 Ne4 35. Rg2 Rg8 36. Rxg8 Kxg8 37. a4 Kf7 38. Kg2 Ke8 39. Ba3 Kd7 40.
c5 Kc6 41. b4 a6 42. Bb2 1/2-1/2

[Event "61. BEM 2007"]
[Site "Dortmund"]
[Date "2007.03.05"]
[Round "4.4"]
[White "Tkachuk, Sergiy"]
[Black "Zelt, Jens"]
[Result "1-0"]
[WhiteElo "2106"]
[BlackElo "2063"]
[PlyCount "103"]
[EventDate "2007.??.??"]
[Source "SG Dortmund"]
[SourceDate "2004.12.16"]

1. e4 c5 2. Nf3 Nc6 3. d4 cxd4 4. Nxd4 d6 5. Bc4 Nf6 6. Nc3 e5 7. Nf3 h6 8. O-O
Be7 9. Re1 O-O 10. Nd5 Nxd5 11. Bxd5 Be6 12. c4 Qd7 13. b3 Rab8 14. Be3 b6 15.
h3 Kh7 16. Qd2 Rbd8 17. Red1 Qc8 18. Ne1 f5 19. Bxe6 Qxe6 20. exf5 Rxf5 21. Qd5
Qc8 22. Qe4 Kh8 23. Rd2 Rdf8 24. Rad1 Na5 25. Nd3 Nb7 26. f3 R5f7 27. Nb4 Bd8
28. Nd5 Bc7 29. Qg6 Bb8 30. Rf2 Nd8 31. f4 Nc6 32. Rdf1 exf4 33. Bxf4 Qf5 34.
Qxf5 Rxf5 35. g4 R5f7 36. Bg3 Kg8 37. Kg2 Rxf2+ 38. Rxf2 Rxf2+ 39. Kxf2 Kf7 40.
Ke3 Ke6 41. Ke4 Nd8 42. Nf4+ Kd7 43. Kf5 b5 44. Kg6 bxc4 45. bxc4 Nc6 46. Kxg7
Ne5 47. Kxh6 Nxc4 48. g5 Ne3 49. g6 Nf5+ 50. Kh7 Nxg3 51. g7 Ne4 52. Kg6 1-0

[Event "61. BEM 2007"]
[Site "Dortmund"]
[Date "2007.03.05"]
[Round "4.5"]
[White "Gorzinski, Dariusz"]
[Black "Tkachuk, Konstantyn"]
[Result "1/2-1/2"]
[WhiteElo "1855"]
[BlackElo "2090"]
[PlyCount "22"]
[EventDate "2007.??.??"]
[Source "SG Dortmund"]
[SourceDate "2004.12.16"]

1. c4 e5 2. g3 f5 3. Bg2 Nf6 4. Nc3 d6 5. d3 Be7 6. e4 c5 7. exf5 Nc6 8. g4 h5
9. h3 Nd4 10. Nd5 Nxd5 11. Bxd5 Bg5 1/2-1/2

[Event "61. BEM 2007"]
[Site "Dortmund"]
[Date "2007.03.05"]
[Round "4.6"]
[White "Schultz, Bernfried"]
[Black "Watzlawek, Markus"]
[Result "0-1"]
[WhiteElo "1708"]
[BlackElo "1967"]
[PlyCount "74"]
[EventDate "2007.??.??"]
[Source "SG Dortmund"]
[SourceDate "2004.12.16"]

1. e4 c5 2. Nf3 d6 3. d4 cxd4 4. Nxd4 Nf6 5. Nc3 a6 6. f3 e6 7. Be3 b5 8. a3
Qc7 9. Qd2 Nbd7 10. O-O-O Rb8 11. g4 Ne5 12. g5 Nfd7 13. f4 Nc4 14. Bxc4 Qxc4
15. Nb3 b4 16. axb4 Qxb4 17. Bd4 a5 18. Nb1 Bb7 19. Rhe1 Qxd2+ 20. N3xd2 h6 21.
h4 hxg5 22. hxg5 Rh4 23. Be3 e5 24. Rh1 Rg4 25. Rdg1 Rxg1+ 26. Rxg1 exf4 27.
Bxf4 Nc5 28. Nc3 Kd7 29. e5 Ne6 30. Bh2 d5 31. Nb3 Bb4 32. Nb5 Rh8 33. Rg2 a4
34. N5d4 axb3 35. c3 Bc5 36. Rf2 Bxd4 37. cxd4 Ke7 0-1

[Event "61. BEM 2007"]
[Site "Dortmund"]
[Date "2007.03.05"]
[Round "4.7"]
[White "Borjini, Mohamed"]
[Black "Ziemek, Gerhard"]
[Result "0-1"]
[WhiteElo "1965"]
[BlackElo "1690"]
[PlyCount "78"]
[EventDate "2007.??.??"]
[Source "SG Dortmund"]
[SourceDate "2004.12.16"]

1. d4 d5 2. c4 Nf6 3. Nc3 e6 4. cxd5 exd5 5. Bg5 Bd6 6. e3 c6 7. Bd3 Be6 8.
Nge2 Nbd7 9. f4 Bg4 10. h3 Bxe2 11. Qxe2 Qc7 12. O-O h6 13. Bxf6 Nxf6 14. e4
dxe4 15. Nxe4 Nxe4 16. Qxe4+ Qe7 17. Qf3 O-O 18. Rae1 Qf6 19. Qe4 g6 20. f5 g5
21. Qg4 Rad8 22. Bc4 Bc7 23. d5 cxd5 24. Bb3 Qd6 25. f6 Qh2+ 26. Kf2 Rd6 27.
Ke3 Re6+ 28. Kd3 Rxe1 29. Rxe1 Qd6 30. Qf5 Rd8 31. Re7 Qg3+ 32. Qf3 Qd6 33. h4
Qa6+ 34. Kc2 Bf4 35. Qc3 Qf1 36. Bxd5 Qc1+ 37. Kb3 Qd1+ 38. Qc2 Qxd5+ 39. Qc4
Qd1+ 0-1

[Event "61. BEM 2007"]
[Site "Dortmund"]
[Date "2007.03.05"]
[Round "4.8"]
[White "Holtmann, Rainer"]
[Black "Begna, Bozidar"]
[Result "0-1"]
[WhiteElo "1679"]
[BlackElo "1953"]
[PlyCount "92"]
[EventDate "2007.??.??"]
[Source "SG Dortmund"]
[SourceDate "2004.12.16"]

1. d4 Nf6 2. Nf3 c5 3. d5 b5 4. Bg5 Ne4 5. Bf4 Qa5+ 6. Nbd2 Bb7 7. a4 Bxd5 8.
axb5 Qb6 9. Nxe4 Bxe4 10. Nd2 Bb7 11. e4 d6 12. Nc4 Qc7 13. e5 d5 14. Na5 e6
15. Be2 Nd7 16. c4 Nb6 17. Nxb7 Qxb7 18. b3 Be7 19. Qc2 f5 20. h4 Nd7 21. Bh5+
g6 22. Bf3 Nb6 23. Ke2 a6 24. Qc3 axb5 25. Rxa8+ Qxa8 26. Ra1 Qd8 27. cxd5 Nxd5
28. Bxd5 Qxd5 29. Rd1 Qxg2 30. Qd2 Qe4+ 31. Kf1 Qh1+ 32. Ke2 Qxh4 33. Qd7+ Kf7
34. Rd6 Rd8 35. Qxe6+ Kf8 36. Rxd8+ Bxd8 37. Be3 Qe7 38. Bh6+ Ke8 39. Qc6+ Qd7
40. Qxc5 Be7 41. Qb6 Qd5 42. e6 Bd6 43. Kf1 b4 44. Qa6 Qh1+ 45. Ke2 Qc6 46. Qd3
Qe4+ 0-1

[Event "61. BEM 2007"]
[Site "Dortmund"]
[Date "2007.03.05"]
[Round "4.9"]
[White "Starp, Klaus"]
[Black "Grewe, Markus"]
[Result "1-0"]
[WhiteElo "1936"]
[BlackElo "1766"]
[PlyCount "37"]
[EventDate "2007.??.??"]
[Source "SG Dortmund"]
[SourceDate "2004.12.16"]

1. e4 c5 2. c3 e5 3. d4 cxd4 4. cxd4 exd4 5. Nf3 Nc6 6. Nxd4 Qh4 7. Nc3 Bc5 8.
Be3 Bb6 9. Nf5 Qf6 10. Nd6+ Kf8 11. Bxb6 axb6 12. Nc4 Nce7 13. Be2 h5 14. Bxh5
b5 15. Nd6 g6 16. Be2 b4 17. Ncb5 Qxb2 18. O-O Nf6 19. Nc4 1-0

[Event "61. BEM 2007"]
[Site "Dortmund"]
[Date "2007.03.05"]
[Round "4.10"]
[White "Schröder, Thomas"]
[Black "Reusche, Horst"]
[Result "1-0"]
[WhiteElo "1581"]
[BlackElo "1900"]
[PlyCount "127"]
[EventDate "2007.??.??"]
[Source "SG Dortmund"]
[SourceDate "2004.12.16"]

1. f4 b6 2. Nf3 Bb7 3. e3 e6 4. b3 Nf6 5. Bb2 d6 6. Nc3 Nbd7 7. Bd3 Nc5 8. Bc4
d5 9. Bb5+ c6 10. Be2 a5 11. O-O Be7 12. Ne5 O-O 13. Bf3 Qc7 14. d3 a4 15. Qd2
a3 16. Bc1 Ncd7 17. Nxd7 Nxd7 18. Ne2 c5 19. e4 dxe4 20. Bxe4 Bxe4 21. dxe4 b5
22. e5 Rfd8 23. Qd3 Nxe5 24. Qe4 Nc6 25. Be3 Rd7 26. f5 exf5 27. Qxf5 Bd6 28.
h3 Ne5 29. Nc3 Qc6 30. Ne4 Re8 31. Rad1 Re6 32. Nxd6 Rdxd6 33. Rxd6 Qxd6 34.
Qf2 Rf6 35. Bxc5 Qd5 36. Qd4 Qxd4+ 37. Bxd4 Rxf1+ 38. Kxf1 Nc6 39. Bc5 b4 40.
Ke2 f5 41. Kd2 Kf7 42. c3 bxc3+ 43. Kxc3 Ke6 44. Kd3 Kd5 45. Bxa3 g5 46. Ke2 h5
47. Bb2 Ke4 48. a3 f4 49. b4 g4 50. b5 Na5 51. Bc3 Nc4 52. a4 f3+ 53. gxf3+
gxf3+ 54. Kf2 Ne3 55. Be1 Nd1+ 56. Kg3 Ke3 57. Kh4 Ke2 58. Bg3 Ne3 59. Kg5 Ng2
60. Kxh5 Ne3 61. Kg5 Nf1 62. Bh4 Ne3 63. b6 Ng2 64. Bg3 1-0

[Event "61. BEM 2007"]
[Site "Dortmund"]
[Date "2007.03.05"]
[Round "4.11"]
[White "Kartsev, Alexandr"]
[Black "Flierdl, Lothar"]
[Result "1-0"]
[WhiteElo "1835"]
[BlackElo "1646"]
[PlyCount "95"]
[EventDate "2007.??.??"]
[Source "SG Dortmund"]
[SourceDate "2004.12.16"]

1. d4 d5 2. Nf3 Nf6 3. Bg5 e6 4. e3 Be7 5. c4 O-O 6. Nbd2 Nbd7 7. cxd5 exd5 8.
Bd3 Re8 9. O-O h6 10. Bf4 c6 11. h3 Nf8 12. a3 Bd6 13. Bxd6 Qxd6 14. b4 a6 15.
Qb3 Be6 16. Ne5 Rad8 17. f4 Ne4 18. Bxe4 dxe4 19. Ndc4 Qc7 20. f5 Bd5 21. Qc2
f6 22. Ng4 b5 23. Na5 Rd6 24. Rf4 Qe7 25. Re1 Nh7 26. Qc5 Qd7 27. Nb7 Qxb7 28.
Qxd6 Ng5 29. Rf2 Nf7 30. Qg3 Qe7 31. Kh2 Kh8 32. Kh1 Nd6 33. Nh2 Nc4 34. Ra1 a5
35. Rfa2 a4 36. Rf2 Qf7 37. Nf1 Qd7 38. Qf4 Nd6 39. g4 Nf7 40. h4 Qe7 41. Ng3
Rg8 42. Nh5 Kh7 43. Rg1 Rh8 44. Rh2 Kg8 45. g5 hxg5 46. hxg5 Nxg5 47. Qb8+ Qf8
48. Nxf6+ 1-0

[Event "61. BEM 2007"]
[Site "Dortmund"]
[Date "2007.03.05"]
[Round "4.12"]
[White "Volmer, Martin"]
[Black "Gitschel, Ralf"]
[Result "1/2-1/2"]
[WhiteElo "1657"]
[BlackElo "1831"]
[PlyCount "82"]
[EventDate "2007.??.??"]
[Source "SG Dortmund"]
[SourceDate "2004.12.16"]

1. d4 Nf6 2. c4 g6 3. Nc3 Bg7 4. e4 d6 5. f4 O-O 6. Nf3 b6 7. Bd3 Bb7 8. O-O
Nfd7 9. Be3 c5 10. d5 Na6 11. a3 Nc7 12. Qe1 e6 13. dxe6 fxe6 14. Qg3 d5 15.
cxd5 exd5 16. exd5 Nxd5 17. Bc4 Bxc3 18. bxc3 Kh8 19. Bd2 N7f6 20. Ng5 Qd7 21.
Rfe1 Nh5 22. Qd3 Rae8 23. g3 Bc6 24. a4 Nhf6 25. Bb5 Nc7 26. Qxd7 Bxd7 27. Bxd7
Nxd7 28. c4 h6 29. Nf3 Kg8 30. Bc3 Re6 31. Rxe6 Nxe6 32. Re1 Kf7 33. Ne5+ Nxe5
34. Rxe5 Rd8 35. Kf2 Nd4 36. Ke3 Nf5+ 37. Ke2 Nd6 38. Rd5 h5 39. Kd3 Ke6 40.
Re5+ Kf7 41. Rd5 Ke6 1/2-1/2

[Event "61. BEM 2007"]
[Site "Dortmund"]
[Date "2007.03.05"]
[Round "4.13"]
[White "Grube, Jörg"]
[Black "Watzlawek, Volker"]
[Result "1/2-1/2"]
[WhiteElo "1829"]
[BlackElo "1636"]
[PlyCount "127"]
[EventDate "2007.??.??"]
[Source "SG Dortmund"]
[SourceDate "2004.12.16"]

1. e4 e6 2. d4 d5 3. Nc3 dxe4 4. Nxe4 Bd7 5. Nf3 Bc6 6. Bd3 Nd7 7. O-O Bxe4 8.
Bxe4 c6 9. c3 Ngf6 10. Bd3 Bd6 11. Bg5 h6 12. Bh4 Qc7 13. Qe2 Nh5 14. Bc4 g5
15. Bg3 Nxg3 16. hxg3 O-O-O 17. b4 Rdg8 18. a4 h5 19. a5 h4 20. g4 Nf6 21. Ne5
Nd5 22. Qf3 Bxe5 23. dxe5 h3 24. g3 Qxe5 25. b5 cxb5 26. Bxb5 Nf6 27. a6 Qe4
28. axb7+ Kb8 29. Bc6 Qxf3 30. Bxf3 Rd8 31. Rfd1 Nd7 32. Ra5 f6 33. Be4 h2+ 34.
Kh1 Ne5 35. Rxd8+ Rxd8 36. f3 Rd2 37. Rc5 Rd1+ 38. Kxh2 Rd2+ 39. Kg1 Rd1+ 40.
Kg2 Rd2+ 41. Kh3 Rd8 42. Ra5 Nc4 43. Ra6 Ne3 44. Kh2 f5 45. gxf5 exf5 46. Bc6
Rd2+ 47. Kg1 Rg2+ 48. Kh1 Rxg3 49. Ra2 Rh3+ 50. Rh2 Rxh2+ 51. Kxh2 Kc7 52. Kg3
f4+ 53. Kf2 Nd1+ 54. Ke2 Nxc3+ 55. Kd3 Na2 56. Kc4 Nc1 57. Kd4 Nb3+ 58. Ke5 Nc5
59. Kf5 Nxb7 60. Bd5 Nd6+ 61. Kxg5 Kd8 62. Kxf4 Ke7 63. Ke5 Ne8 64. f4 1/2-1/2

[Event "61. BEM 2007"]
[Site "Dortmund"]
[Date "2007.03.05"]
[Round "4.14"]
[White "Kropp, Andreas"]
[Black "Stiebel, Erhard"]
[Result "1-0"]
[WhiteElo "1821"]
[BlackElo "1384"]
[PlyCount "79"]
[EventDate "2007.??.??"]
[Source "SG Dortmund"]
[SourceDate "2004.12.16"]

1. Nf3 d5 2. g3 Nf6 3. Bg2 Nbd7 4. d3 e5 5. O-O Bd6 6. Nbd2 O-O 7. c4 c6 8. b3
b6 9. Bb2 Bb7 10. e3 c5 11. cxd5 Bxd5 12. Nc4 Bxc4 13. dxc4 Bc7 14. Qe2 Rc8 15.
Rfd1 Qe7 16. Ng5 Kh8 17. Rd2 h6 18. Ne4 Nxe4 19. Bxe4 f5 20. Bd5 Nf6 21. Rad1
Rcd8 22. Bg2 Rxd2 23. Rxd2 Rd8 24. Qd1 Rxd2 25. Qxd2 Qd7 26. Qxd7 Nxd7 27. Bh3
g6 28. e4 Kg7 29. exf5 gxf5 30. Bxf5 Nf6 31. Kg2 Kf7 32. Kf3 h5 33. h3 Ne8 34.
Be4 Kf6 35. Ke3 Nd6 36. f4 Nf5+ 37. Bxf5 Kxf5 38. Bxe5 Bxe5 39. fxe5 Kxe5 40.
g4 1-0

[Event "61. BEM 2007"]
[Site "Dortmund"]
[Date "2007.03.05"]
[Round "4.15"]
[White "Dörre, Niels"]
[Black "Büchle, Manfred"]
[Result "0-1"]
[WhiteElo "1374"]
[BlackElo "1851"]
[PlyCount "120"]
[EventDate "2007.??.??"]
[Source "SG Dortmund"]
[SourceDate "2004.12.16"]

1. c4 e6 2. Nc3 d5 3. cxd5 exd5 4. d4 Nf6 5. Nf3 Be7 6. Bf4 c6 7. Qc2 O-O 8. e3
Nbd7 9. Bd3 h6 10. h3 a6 11. g4 c5 12. Rg1 cxd4 13. Nxd4 Nc5 14. g5 hxg5 15.
Bxg5 Nxd3+ 16. Qxd3 Re8 17. Nf5 Bxf5 18. Qxf5 g6 19. Qd3 d4 20. Qxd4 Qxd4 21.
exd4 Bc5+ 22. Kd1 Bxd4 23. Kc2 Bxc3 24. bxc3 Re2+ 25. Kd1 Rxf2 26. Ke1 Rf5 27.
h4 Re8+ 28. Kd2 Ne4+ 29. Kc2 Rc8 30. Kd3 Nxg5 31. hxg5 Rf3+ 32. Ke4 Rcxc3 33.
Rad1 Rce3+ 34. Kd4 Rg3 35. Kc5 Re5+ 36. Kb6 Rb5+ 37. Kc7 Rgxg5 38. Rxg5 Rxg5
39. Kxb7 Ra5 40. Rd2 Kg7 41. Kb6 Ra3 42. Kc5 Re3 43. a4 Re6 44. a5 g5 45. Kd5
g4 46. Rb2 g3 47. Rg2 Rg6 48. Ke5 Rg5+ 49. Kf4 Rxa5 50. Rxg3+ Kf6 51. Rd3 Ra4+
52. Kf3 Kg5 53. Rd5+ f5 54. Kg3 Ra3+ 55. Kf2 a5 56. Ke2 Ra1 57. Kd2 Kg4 58. Kc2
f4 59. Kb2 Ra4 60. Kb3 Re4 0-1

[Event "61. BEM 2007"]
[Site "Dortmund"]
[Date "2007.03.05"]
[Round "4.16"]
[White "Benke, Werner"]
[Black "Krause, Dieter"]
[Result "0-1"]
[WhiteElo "1501"]
[BlackElo "1824"]
[PlyCount "98"]
[EventDate "2007.??.??"]
[Source "SG Dortmund"]
[SourceDate "2004.12.16"]

1. Nf3 d5 2. d4 Nc6 3. c4 Bg4 4. e3 e6 5. Be2 Nf6 6. O-O Be7 7. Nc3 O-O 8. h3
Bh5 9. Bd2 a6 10. cxd5 exd5 11. Rc1 Re8 12. Nh2 Bxe2 13. Qxe2 Qd6 14. Rfe1 Bf8
15. Nf3 Rad8 16. a3 Ne4 17. Red1 f5 18. Qd3 Qe6 19. b4 Bd6 20. b5 Nxc3 21. Rxc3
Nb8 22. Rb3 g6 23. a4 c6 24. Rc1 Qe4 25. Rcb1 Qxd3 26. Rxd3 axb5 27. axb5 Rd7
28. Rdb3 c5 29. dxc5 Bxc5 30. Bb4 Bxb4 31. Rxb4 Re4 32. Nd4 Kf7 33. Kh2 Ke7 34.
Rc1 Kd6 35. Kg3 Rc7 36. Rxc7 Kxc7 37. Kf3 Nd7 38. Rb3 Kb6 39. Rb1 Nc5 40. Rb2
Nd3 41. Rb3 Nc5 42. Rb1 Ne6 43. Nxe6 Rxe6 44. Kf4 h6 45. f3 Kc5 46. g4 fxg4 47.
hxg4 g5+ 48. Kg3 Rxe3 49. Kf2 Re6 0-1

[Event "61. BEM 2007"]
[Site "Dortmund"]
[Date "2007.03.05"]
[Round "4.17"]
[White "Reinacher, Detlev"]
[Black "Raskin, Vitali"]
[Result "1-0"]
[WhiteElo "1480"]
[BlackElo "1678"]
[PlyCount "63"]
[EventDate "2007.??.??"]
[Source "SG Dortmund"]
[SourceDate "2004.12.16"]

1. d4 d5 2. c4 dxc4 3. Nc3 Nf6 4. e3 e6 5. Bxc4 a6 6. a4 b6 7. Nf3 Bb7 8. O-O
Nbd7 9. Qe2 Be7 10. Rd1 O-O 11. e4 c6 12. d5 exd5 13. exd5 cxd5 14. Nxd5 Re8
15. Qd3 Nxd5 16. Bxd5 Nc5 17. Bxf7+ Kf8 18. Qe2 Qc7 19. Bxe8 Rxe8 20. Qc4 Bf6
21. Bf4 Qc8 22. Bd6+ Be7 23. Ng5 Qf5 24. Bxe7+ Rxe7 25. Rd8+ Re8 26. Rxe8+ Kxe8
27. Qg8+ Kd7 28. Rd1+ Nd3 29. Qxg7+ Kc8 30. Qc3+ Nc5 31. Qh8+ Kc7 32. Qd8+ 1-0

[Event "61. BEM 2007"]
[Site "Dortmund"]
[Date "2007.03.05"]
[Round "4.18"]
[White "Bollmann, Marcel"]
[Black "Stepke, Horst P"]
[Result "1-0"]
[WhiteElo "1280"]
[BlackElo "1636"]
[PlyCount "119"]
[EventDate "2007.??.??"]
[Source "SG Dortmund"]
[SourceDate "2004.12.16"]

1. e4 e5 2. Nf3 Nc6 3. Bc4 Bc5 4. b4 Be7 5. c3 Nf6 6. b5 Na5 7. Nxe5 Nxc4 8.
Nxc4 Nxe4 9. Qe2 d5 10. O-O O-O 11. d3 Nf6 12. Ne5 Bd6 13. d4 Re8 14. Bg5 h6
15. Bh4 Qe7 16. f4 Qf8 17. Qc2 Ne4 18. Nd2 a6 19. Nxe4 dxe4 20. Qb3 axb5 21.
Ng6 Ra3 22. Nxf8 Rxb3 23. axb3 Kxf8 24. f5 c5 25. d5 Be5 26. Bf2 b6 27. Rac1
Rd8 28. c4 bxc4 29. bxc4 Kg8 30. g4 Re8 31. Kg2 Bf4 32. Rce1 Ba6 33. Be3 Bxe3
34. Rxe3 Bxc4 35. Rd1 Rd8 36. Rxe4 Rxd5 37. Re8+ Kh7 38. Rxd5 Bxd5+ 39. Kf2 Bc4
40. Rb8 b5 41. Rc8 f6 42. Rxc5 Kg8 43. Rc8+ Kh7 44. Rc7 Kg8 45. Ke3 Kf8 46. Kd4
Kg8 47. h3 Bf1 48. h4 Bc4 49. g5 hxg5 50. hxg5 Kf8 51. g6 Bb3 52. Rb7 Bc4 53.
Ke3 Bd5 54. Rxb5 Bc4 55. Rb7 Bd5 56. Rc7 Ba2 57. Ra7 Bd5 58. Kd4 Bf3 59. Kc5
Be4 60. Kd6 1-0

[Event "61. BEM 2007"]
[Site "Dortmund"]
[Date "2007.03.05"]
[Round "4.19"]
[White "Duschek, Günter"]
[Black "Grawe, Herbert"]
[Result "1-0"]
[WhiteElo "1633"]
[BlackElo "1445"]
[PlyCount "147"]
[EventDate "2007.??.??"]
[Source "SG Dortmund"]
[SourceDate "2004.12.16"]

1. d4 Nc6 2. d5 Ne5 3. Nf3 Ng6 4. h4 e6 5. dxe6 fxe6 6. e4 h6 7. Bd3 Qf6 8. Qe2
e5 9. Nc3 c6 10. Bd2 b5 11. a3 Bc5 12. Be3 Nf4 13. Bxf4 Qxf4 14. g3 Qf6 15. b4
Bb6 16. a4 Ne7 17. a5 Bc7 18. Nh2 h5 19. Qf3 Qe6 20. O-O g6 21. Be2 a6 22. Rad1
Bb8 23. Rd2 Ba7 24. Kh1 Bb7 25. Qd3 d5 26. Bf3 d4 27. Ne2 Rf8 28. Bg2 c5 29.
bxc5 Bxc5 30. Rdd1 Rc8 31. f4 Qc6 32. Nf3 exf4 33. Nxf4 Qxe4 34. Qxe4 Bxe4 35.
Bh3 Nf5 36. Bxf5 gxf5 37. Rde1 Bb4 38. Rb1 Bxa5 39. Kh2 Rxc2+ 40. Kh3 d3 41.
Nd4 Ra2 42. Rbc1 Kd7 43. Nb3 Bb4 44. Ra1 Rxa1 45. Rxa1 Ra8 46. Nxd3 Bc3 47.
Nbc5+ Kc6 48. Rc1 Bxd3 49. Nxd3 b4 50. Nxb4+ Kb5 51. Nd5 Be5 52. Re1 Bb8 53.
Re8 Kc6 54. Nf6 a5 55. Nxh5 a4 56. Nf4 a3 57. Re2 Bxf4 58. Ra2 Bd6 59. g4 fxg4+
60. Kxg4 Rb8 61. h5 Rb2 62. Ra1 Kb5 63. h6 Ka4 64. Kf5 Bb4 65. h7 Bc3 66. Rc1
Rb5+ 67. Kg6 Bh8 68. Rc8 a2 69. Rxh8 a1=Q 70. Ra8+ Ra5 71. Rxa5+ Kxa5 72. Kf7
Kb6 73. Kg8 Qg1+ 74. Kf7 {und Schwarz ueberschritt die Zeit ...} 1-0

[Event "61. BEM 2007"]
[Site "Dortmund"]
[Date "2007.03.05"]
[Round "4.20"]
[White "Clausen, Dirk"]
[Black "Rossa, Daniel"]
[Result "0-1"]
[WhiteElo "1370"]
[BlackElo "1543"]
[PlyCount "99"]
[EventDate "2007.??.??"]
[Source "SG Dortmund"]
[SourceDate "2004.12.16"]

1. c4 c6 2. d4 d5 3. e3 Nf6 4. Nc3 e6 5. Nf3 Nbd7 6. a3 Bd6 7. c5 Bc7 8. Bd2
O-O 9. Be2 e5 10. O-O Re8 11. dxe5 Nxe5 12. Nd4 Qe7 13. b4 Bd7 14. Qc2 Rad8 15.
Na4 Ne4 16. f4 Ng4 17. Bxg4 Bxg4 18. Rae1 h5 19. b5 Bd7 20. b6 axb6 21. cxb6
Bd6 22. Nc3 Bxa3 23. Nxe4 Qxe4 24. Qc3 Bd6 25. Rf3 h4 26. f5 c5 27. Nb3 Rc8 28.
Na5 Bc6 29. f6 g6 30. Nxc6 Rxc6 31. Rf4 Qe6 32. Rxh4 Be5 33. Qa5 Bxf6 34. Rh3
c4 35. Rf1 c3 36. Bc1 Bd8 37. Qb4 Bxb6 38. Qh4 Kf8 39. Qg5 Qe5 40. Ba3+ Kg8 41.
Qh4 Qg7 42. Be7 c2 43. Ba3 Rxe3 44. Rxe3 Bxe3+ 45. Kh1 c1=Q 46. Qd8+ Kh7 47.
Bxc1 Rxc1 48. Rxc1 Bxc1 49. Qxd5 Qf6 50. g3 0-1

[Event "61. BEM 2007"]
[Site "Dortmund"]
[Date "2007.03.05"]
[Round "4.21"]
[White "Hardt, Helmut"]
[Black "Schröder, Marcel"]
[Result "1-0"]
[WhiteElo "1793"]
[BlackElo "1440"]
[PlyCount "63"]
[EventDate "2007.??.??"]
[Source "SG Dortmund"]
[SourceDate "2004.12.16"]

1. e4 d5 2. exd5 Qxd5 3. Nc3 Qa5 4. Bc4 Bf5 5. d4 e6 6. Nf3 c6 7. O-O Bd6 8.
Re1 Nf6 9. d5 cxd5 10. Nxd5 Nxd5 11. Bxd5 Qc7 12. Bb3 O-O 13. h3 Nc6 14. Nh4
Rfd8 15. Qh5 Bg6 16. Nxg6 fxg6 17. Bxe6+ Kh8 18. Qg5 Nd4 19. Bb3 Nxc2 20. Bxc2
Qxc2 21. Qb5 Bc5 22. Be3 Bxe3 23. Rxe3 Rd1+ 24. Rxd1 Qxd1+ 25. Kh2 Qd6+ 26. Qe5
Qxe5+ 27. Rxe5 Kg8 28. Re7 b6 29. Kg3 Kf8 30. Rb7 g5 31. Kg4 Kg8 32. Kxg5 1-0

[Event "61. BEM 2007"]
[Site "Dortmund"]
[Date "2007.03.05"]
[Round "4.22"]
[White "Werner, Patrick"]
[Black "Marienfeld, Udo"]
[Result "1-0"]
[WhiteElo "1783"]
[BlackElo "1349"]
[PlyCount "33"]
[EventDate "2007.??.??"]
[Source "SG Dortmund"]
[SourceDate "2004.12.16"]

1. Nf3 c5 2. e4 e6 3. d4 cxd4 4. Nxd4 Nf6 5. f3 Bc5 6. Nb3 Bb6 7. Nc3 d6 8. Bg5
Nbd7 9. Qxd6 h6 10. Bf4 Nh5 11. O-O-O Qf6 12. Bg3 Be3+ 13. Kb1 Bf4 14. Bxf4
Qxf4 15. Qa3 a6 16. Nb5 Nb6 17. Nd6+ 1-0

[Event "61. BEM 2007"]
[Site "Dortmund"]
[Date "2007.03.05"]
[Round "4.23"]
[White "Dedeck, Sylvia"]
[Black "Noori, Mir Ahmad"]
[Result "0-1"]
[WhiteElo "1034"]
[BlackElo "1601"]
[PlyCount "84"]
[EventDate "2007.??.??"]
[Source "SG Dortmund"]
[SourceDate "2004.12.16"]

1. d4 e6 2. c4 d6 3. Nc3 g6 4. Nf3 Bg7 5. Bf4 Ne7 6. e4 Nd7 7. Bd3 e5 8. dxe5
dxe5 9. Bg3 O-O 10. O-O Nc6 11. Qc2 Nb4 12. Qe2 c6 13. a3 Nxd3 14. Qxd3 Qe7 15.
Na4 b6 16. b4 Bb7 17. Rfe1 Rad8 18. Qc2 c5 19. b5 h6 20. Nc3 f6 21. Nh4 Qf7 22.
Rad1 Rfe8 23. Qa4 Ra8 24. Nd5 Nf8 25. Re3 Ne6 26. f3 Nd4 27. Rd2 Kh7 28. Qd1
Bxd5 29. exd5 f5 30. f4 e4 31. Bf2 Bf6 32. Kh1 Qe7 33. g3 Qd6 34. Ng2 Nf3 35.
Rc2 Bd4 36. Ree2 Qf6 37. Nh4 Nxh4 38. Bxd4 cxd4 39. gxh4 d3 40. Qe1 dxe2 41.
Rxe2 Qd4 42. Qb4 Rac8 0-1